|
|
|
|
| LEADER |
00706nab a2200205 i 4500 |
| 001 |
acta12371 |
| 005 |
20220610085245.0 |
| 008 |
161015s1985 hu o 0|| eng d |
| 022 |
|
|
|a 0324-721X
|
| 040 |
|
|
|a SZTE Egyetemi Kiadványok Repozitórium
|b hun
|
| 041 |
|
|
|a eng
|
| 100 |
1 |
|
|a Bloom Stephen L.
|
| 245 |
1 |
0 |
|a Frontiers of one-letter languages
|h [elektronikus dokumentum] /
|c Bloom Stephen L.
|
| 260 |
|
|
|c 1985
|
| 300 |
|
|
|a 1-18
|
| 490 |
0 |
|
|a Acta cybernetica
|v 7 No. 1
|
| 650 |
|
4 |
|a Természettudományok
|
| 650 |
|
4 |
|a Számítás- és információtudomány
|
| 695 |
|
|
|a Számítástechnika, Kibernetika
|
| 856 |
4 |
0 |
|u http://acta.bibl.u-szeged.hu/12371/1/cybernetica_007_fasc_001_001-018.pdf
|z Dokumentum-elérés
|